Movies Quiz

Random Movies or Clickable Quiz

Airplane! Jive Talk Quiz Stats

Quiz Updated Sep 19, 2012

Challenge
Share
Tweet
Embed
Score 0/10 Timer 03:00
3 Plays Today
% Correct
Golly, that white fellow should stay away from my wife, or I will punch him
93.2%
Golly!
87.6%
I would like the steak please.
80.7%
I knew a fellow in a similar predicament, and he ended up being sorry.
62.7%
How true!
60.9%
I'll have the fish.
60.3%
Don't be so naive, Arthur.
57%
Yes, he is wrong for doing that.
55.6%
Early to bed, early to rise, makes a man healthy, wealthy and wise.
42.5%
Each of us faces a clear moral choice.
36.7%

You're not logged in!

Compare scores with friends on all Sporcle quizzes.
Sign Up with Email
OR
Log In

You Might Also Like...

Show Comments

Extras

Top Quizzes Today


Score Distribution

Your Account Isn't Verified!

In order to create a playlist on Sporcle, you need to verify the email address you used during registration. Go to your Sporcle Settings to finish the process.